MARC details
| 000 -LEADER |
| fixed length control field |
01189 a2200385 4500 |
| 001 - CONTROL NUMBER |
| control field |
75653 |
| 003 - CONTROL NUMBER IDENTIFIER |
| control field |
TR-AnTOB |
| 005 - DATE AND TIME OF LATEST TRANSACTION |
| control field |
20240923151047.0 |
| 008 - FIXED-LENGTH DATA ELEMENTS--GENERAL INFORMATION |
| fixed length control field |
140422s1987 tu 000 0 |
| 040 ## - CATALOGING SOURCE |
| Original cataloging agency |
TOBBETÜ |
| Transcribing agency |
TR-AnTOB |
| 041 ## - LANGUAGE CODE |
| Language code of text/sound track or separate title |
Türkçe |
| 050 ## - LIBRARY OF CONGRESS CALL NUMBER |
| Classification number |
B2430.S34 |
| Item number |
J67 1987 |
| 090 ## - LOCALLY ASSIGNED LC-TYPE CALL NUMBER (OCLC); LOCAL CALL NUMBER (RLIN) |
| Classification number (OCLC) (R) ; Classification number, CALL (RLIN) (NR) |
B2430.S34 J67 1987 |
| 100 ## - MAIN ENTRY--PERSONAL NAME |
| Personal name |
Gürsoy, Kenan |
| 9 (RLIN) |
57258 |
| 245 #0 - TITLE STATEMENT |
| Title |
J. P. Sartre ateizmi'nin doğurduğu problemler / |
| Statement of responsibility, etc. |
Kenan Gürsoy. |
| 264 #1 - PRODUCTION, PUBLICATION, DISTRIBUTION, MANUFACTURE, AND COPYRIGHT NOTICE |
| Place of production, publication, distribution, manufacture |
Ankara : |
| Name of producer, publisher, distributor, manufacturer |
Kültür ve Turizm Bakanlığı, |
| Date of production, publication, distribution, manufacture, or copyright notice |
1987. |
| 300 ## - PHYSICAL DESCRIPTION |
| Extent |
112 s. |
| 336 ## - CONTENT TYPE |
| Source |
rdacontent |
| Content type term |
text |
| Content type code |
txt |
| 337 ## - MEDIA TYPE |
| Source |
rdamedia |
| Media type term |
unmediated |
| Media type code |
n |
| 338 ## - CARRIER TYPE |
| Source |
rdacarrier |
| Carrier type term |
volume |
| Carrier type code |
nc |
| 490 0# - SERIES STATEMENT |
| Series statement |
Kültür ve Turizm Bakanlığı Yayınları ; |
| Volume/sequential designation |
724 |
| Series statement |
Kültür Eserleri Dizisi ; |
| Volume/sequential designation |
65 |
| 590 ## - LOCAL NOTE (RLIN) |
| Local note |
Sayın Prof. Dr. İhsan Sezal tarafından bağışlanmıştır. |
| 600 #0 - SUBJECT ADDED ENTRY--PERSONAL NAME |
| Personal name |
Sartre, Jean-Paul, |
| Dates associated with a name |
1905-1980 |
| 9 (RLIN) |
57259 |
| 650 #0 - SUBJECT ADDED ENTRY--TOPICAL TERM |
| 9 (RLIN) |
3865 |
| Topical term or geographic name entry element |
Philosophy |
|
| 9 (RLIN) |
57260 |
| Topical term or geographic name entry element |
Ateizm |
|
| 9 (RLIN) |
3101 |
| Topical term or geographic name entry element |
Atheism |
|
| 9 (RLIN) |
25980 |
| Topical term or geographic name entry element |
Felsefe |
|
| Topical term or geographic name entry element |
Existentialism |
| 9 (RLIN) |
47778 |
|
| Topical term or geographic name entry element |
Varoluşçuluk |
| Source of heading or term |
etuturkob |
| 9 (RLIN) |
11283 |
| 902 ## - LOCAL DATA ELEMENT B, LDB (RLIN) |
| a |
0030161 |
| 903 ## - LOCAL DATA ELEMENT C, LDC (RLIN) |
| a |
Merkez Kütüphane |
| 942 ## - ADDED ENTRY ELEMENTS (KOHA) |
| Koha item type |
Book |
| Source of classification or shelving scheme |
Library of Congress Classification |
| 945 ## - LOCAL PROCESSING INFORMATION (OCLC) |
| a |
ÇP, BS |